| 000 | 01109nac a22003730a 4500 | ||
|---|---|---|---|
| 001 | PT58628 | ||
| 003 | AR-LpoUNG | ||
| 005 | 20260115124235.0 | ||
| 008 | 201001s2017||||ag |||||||||||||||||spa d | ||
| 040 |
_aAR-LpoUNG _bspa _eaacr |
||
| 041 | _aspa | ||
| 044 | _aag | ||
| 082 | 0 | _a410 154v1 | |
| 100 | 1 |
_aValente, Elena _ecoor. |
|
| 245 | 1 | 0 | _aMateriales para el taller de lectoescritura del Curso de Aprestamiento Universitario |
| 250 | _a1ra. ed. | ||
| 260 |
_aLos Polvorines : _bUniversidad Nacional de General Sarmiento, _c2017. |
||
| 300 |
_a79 p. : _btbls. |
||
| 490 | 0 | _aMateriales para el taller de lectoescritura del Curso de Aprestamiento Universitario | |
| 650 | 4 | _aESCRITURA | |
| 650 | 4 | _aGENEROS LITERARIOS | |
| 650 | 4 | _aLECTURA | |
| 650 | 4 | _aLIBROS DE TEXTO | |
| 650 | 4 | _aLITERATURA | |
| 653 | 0 | _aDISCURSO ACADEMICO | |
| 700 | 1 |
_aGarcía, Mónica _ecoor. |
|
| 700 | 1 | _aMuschietti, Marcelo | |
| 700 | 1 | _aPodetti, Mariana | |
| 700 | 1 | _aSantos, Mercedes de los | |
| 700 | 1 | _aVincenzo, Diego di | |
| 700 | 1 | _aZunino, Carolina | |
| 905 | _a58628 | ||
| 942 |
_cLSALA _2ddc |
||
| 999 |
_c50319 _d50319 |
||